[Event "CRO-chT2 Center"]
[Site "Zagreb"]
[Date "2010.04.11"]
[Round "6.53"]
[White "Mulugeta, Danijel"]
[Black "Lasic, Luka"]
[Result "1/2-1/2"]
[WhiteElo "2218"]
[BlackElo "2222"]
[PlyCount "114"]
[EventDate "2010.03.21"]
[EventType "team-tourn"]
[EventRounds "11"]
[EventCountry "CRO"]
[SourceTitle "EXT 2012"]
[Source "ChessBase"]
[SourceDate "2011.11.24"]
[SourceVersion "1"]
[SourceVersionDate "2011.11.24"]
[SourceQuality "1"]

1. e4 d6 2. d4 Nf6 3. Nc3 Nbd7 4. g3 e5 5. Nge2 Be7 6. Bg2 0-0 7. 0-0 c6 8. a4 a5 9. h3 Re8 10. Be3 b6 11. f4 Qc7 12. Kh2 Ba6 13. Rf2 Rad8 14. Nc1 exd4 15. Bxd4 Nc5 16. Rd2 Ne6 17. Bf2 Bf8 18. Qg1 Nc5 19. Nb3 Rb8 20. Re1 Nxb3 21. cxb3 Nd7 22. Re3 Nc5 23. Qd1 Rbd8 24. Ne2 g6 25. Nc3 Bh6 26. Re1 Bg7 27. Bd4 Bxd4 28. Rxd4 Qe7 29. e5 dxe5 30. Rxe5 Ne6 31. Rxd8 Qxd8 32. Bxc6 Qxd1 33. Nxd1 Rc8 34. Be4 Nd4 35. Nc3 Nxb3 36. Bd5 Bc4 37. Bxc4 Rxc4 38. Rb5 Nc5 39. Rxb6 Nxa4 40. Nxa4 Rxa4 41. Kg2 Ra2 42. Kf3 a4 43. f5 gxf5 44. Kf4 a3 45. bxa3 Rxa3 46. Rf6 Kg7 47. Rxf5 Ra4+ 48. Kg5 h6+ 49. Kh5 Ra3 50. Kh4 Ra4+ 51. Kh5 Ra3 52. Kg4 Kg6 53. Rf4 h5+ 54. Kh4 f5 55. Rb4 Ra6 56. Rc4 Rb6 57. Ra4 Rc6 1/2-1/2

[Event "CRO-chT2 Center"]
[Site "Zagreb"]
[Date "2010.03.21"]
[Round "2.64"]
[White "Mulugeta, Danijel"]
[Black "Bozinovic, Bogdan"]
[Result "1-0"]
[WhiteElo "2218"]
[BlackElo "2251"]
[PlyCount "95"]
[EventDate "2010.03.21"]
[EventType "team-tourn"]
[EventRounds "11"]
[EventCountry "CRO"]
[SourceTitle "EXT 2012"]
[Source "ChessBase"]
[SourceDate "2011.11.24"]
[SourceVersion "1"]
[SourceVersionDate "2011.11.24"]
[SourceQuality "1"]

1. e4 c5 2. Nf3 d6 3. d4 cxd4 4. Nxd4 Nf6 5. Nc3 a6 6. Bg5 e6 7. f4 b5 8. e5 dxe5 9. fxe5 Qc7 10. exf6 Qe5+ 11. Be2 Qxg5 12. 0-0 Ra7 13. Qd3 Rd7 14. Ne4 Qe5 15. Nf3 Qc7 16. Qe3 Qa7 17. Qxa7 Rxa7 18. a4 b4 19. Ne5 gxf6 20. Nxf6+ Ke7 21. Rad1 Bg7 22. Ng8+ Ke8 23. Nxf7 Rd7 24. Nxh8 Bxh8 25. Bh5+ Kd8 26. Nf6 Rxd1 27. Rxd1+ Kc7 28. Ne8+ Kb7 29. Bf3+ Ka7 30. Nd6 Bd7 31. b3 Kb6 32. Nc4+ Kc7 33. Kf2 Bc3 34. Be4 h6 35. g4 Nc6 36. Rd3 Nd4 37. Rh3 Bc6 38. Bd3 Bd5 39. Rxh6 Nf3 40. Rh7+ Kd8 41. Nd6 Bd4+ 42. Kf1 Nd2+ 43. Ke2 Bc3 44. g5 e5 45. Bf5 Bf3+ 46. Ke3 Bc6 47. g6 Bd4+ 48. Kxd2 1-0